| 000 | 02320nam0a22003971 4500 | ||
|---|---|---|---|
| 001 | rc\100876 | ||
| 005 | 20260406043527.0 | ||
| 010 |
_a5-89108-012-5 _92000 |
||
| 021 |
_aRU _b98-3525 _9169 |
||
| 035 | _a(NLR Aleph) 005364097 | ||
| 090 |
_a6929549 _c6929549 |
||
| 100 | _a20021216d1997 |||y0rusy50 ca | ||
| 101 | 0 | _arus | |
| 102 | _aRU | ||
| 105 | _ay ||||||||| | ||
| 200 | 1 |
_aНемой свидетель _e[Сб.] _fСергей Курехин _g[Благотвор. фонд Сергея Курехина] |
|
| 210 |
_aСПб. _cАльманах "Петрополь" _cБлаготвор. фонд Сергея Курехина _d1997 |
||
| 215 |
_a127 с. _d16 |
||
| 327 | 1 | _aСодерж.: Интервью с самим собой; Путешествие по России...; Пять дней из Жизни барона Врангеля: Либретто драм. оперы в 5 актах; Немой свидетель; Пророк и святость: Лит. сценарий / С. Курехин, С. Дебижев; Дети - наше будущее С. Курехин, М. Болотовский | |
| 464 | 0 |
_12001#$aИнтервью с самим собой _tИнтервью с самим собой |
|
| 464 | 0 |
_12001#$aПутешествие по России... _tПутешествие по России... |
|
| 464 | 0 |
_12001#$aПять дней из Жизни барона Врангеля _tПять дней из Жизни барона Врангеля |
|
| 464 | 0 |
_12001#$aНемой свидетель _tНемой свидетель |
|
| 464 | 0 |
_12001#$aПророк и святость$bС. _tПророк и святость |
|
| 464 | 0 |
_12001#$aДети - наше будущее _tДети - наше будущее |
|
| 686 | _aШ6(2=Р)75я44 | ||
| 700 | 1 |
_7ca _8rus _aКурехин _bС. А. _f1954-1996 _gСергей Анатольевич _9113463 _3RU\NLR\AUTH\773467 |
|
| 701 | 1 |
_7ca _8rus _aДебижев _bС. Г. _f1957- _gСергей Геннадьевич _9113542 _3RU\NLR\AUTH\773546 |
|
| 701 | 1 |
_7ca _8rus _aБолотовский _bМ. _gМихаил _9113568 _3RU\NLR\AUTH\773573 |
|
| 801 | 0 |
_aRU _bNLR _gpsbo |
|
| 801 | 1 |
_aRU _bELAR _2rusmarc |
|
| 852 |
_aNLR _j98-2/514 |
||
| 942 | _cBOOK | ||
| 980 | _aNB | ||